Ruský jazyk pre mierne pokročilých I.

Saved in:
Bibliographic Details
Main Author: Dziváková, Michaela, 1979-
Corporate Author: Ekonomická univerzita v Bratislave. Fakulta aplikovaných jazykov
Other Authors: Kollár, Dezider, Strelková, Katarína
Format: Book
Language:Russian
Published: Bratislava Vydavateľstvo EKONÓM 2014
Edition:1. vyd.
Subjects:
Tags: Add Tag
No Tags, Be the first to tag this record!

MARC

LEADER 00000nam a2200000 4500
001 0197939
005 20240502073337.4
020 |a 978-80-225-4049-0 
041 0 |a rus 
044 |a SK 
245 1 0 |a Ruský jazyk pre mierne pokročilých I.  |c Michaela Dziváková ; recenzenti: Dezider Kollár, Katarína Strelková 
250 |a 1. vyd. 
264 1 |a Bratislava  |b Vydavateľstvo EKONÓM  |c 2014 
300 |a 97 s. [3,52 AH] 
610 2 0 |a jazyky cudzie 
610 2 0 |a firmy 
610 2 0 |a terminológia 
610 2 0 |a vzdelávanie 
610 2 0 |a ruština 
100 1 |a Dziváková, Michaela, 1979- 
700 1 |a Kollár, Dezider 
700 1 |a Strelková, Katarína 
710 2 |a Ekonomická univerzita v Bratislave. Fakulta aplikovaných jazykov